000 00197 a2200097 4500
020 _a799070587701
041 _aspa
100 _aEvans, Wendy
245 E _aŁSilencio en la biblioteca!
942 _cBK
999 _c30075
_d30073